| 000 | 00590nam a2200181 i 4500 | ||
|---|---|---|---|
| 001 | bg | ||
| 100 | 1 | _aBOGACZ, Roman | |
| 245 | 0 |
_aO obszarach niestateczności pewnych modeli kolumn obciążonych siłą śledzącą / _cR. Bogacz, A. Niespodziana. |
|
| 260 |
_aWarszawa, _c1984. |
||
| 490 | 1 |
_aPrace Instytutu Podstawowych Problemów Techniki PAN ; _v36 |
|
| 700 | 1 | _aNIESPODZIANA, Aleksandra | |
| 830 | _aPrace Instytutu Podstawowych Problemów Techniki PAN ; | ||
| 040 | _cBPK | ||
| 041 | _apol | ||
| 080 | _a624.01/.07 | ||
| 942 | _cKS | ||
| 008 | s pl f |000 0 pol | ||
| 999 |
_c22938 _d22938 |
||
| 856 |
_uhttp://koha.tu.koszalin.pl/cgi-bin/koha/opac-detail.pl?biblionumber=22938 _yKatalog online BPK |
||